Landen met een letter - T - Statistieken

Algemene statistieken
  • Deze quiz is 209 keer genomen
  • De gemiddelde score is 52 van 62
Antwoordstatistieken
Categorie Land % Correct
1 x T Australië
97%
2 x T Tadzjikistan
97%
1 x T Tanzania
95%
1 x T Thailand
95%
1 x T Tsjechië
95%
1 x T Tunesië
95%
1 x T Turkije
95%
1 x T Afghanistan
92%
1 x T Argentinië
92%
1 x T Estland
92%
1 x T Letland
92%
1 x T Montenegro
92%
1 x T Portugal
92%
2 x T Verenigde Staten
92%
1 x T Egypte
89%
1 x T Eritrea
89%
1 x T Litouwen
89%
1 x T Mauritanië
89%
1 x T Pakistan
89%
3 x T Saint Kitts en Nevis
89%
1 x T Togo
89%
2 x T Trinidad en Tobago
89%
1 x T Tsjaad
89%
2 x T Turkmenistan
89%
1 x T Verenigde Arabische Emiraten
89%
1 x T Botswana
86%
1 x T Costa Rica
86%
1 x T Duitsland
86%
1 x T Haïti
86%
1 x T Mauritius
86%
1 x T Oezbekistan
86%
2 x T Vaticaanstad
86%
1 x T Democratische Republiek Congo
84%
1 x T Ethiopië
84%
1 x T Italië
84%
1 x T Kazachstan
84%
1 x T Tonga
84%
1 x T Vietnam
84%
1 x T Guatemala
81%
1 x T Ivoorkust
81%
1 x T Saint Lucia
81%
1 x T Sao Tomé en Principe
81%
1 x T Zwitserland
81%
1 x T Bhutan
78%
1 x T Kroatië
78%
1 x T Lesotho
78%
2 x T Liechtenstein
78%
1 x T Malta
78%
1 x T Oostenrijk
78%
2 x T Saint Vincent en de Grenadines
78%
1 x T Tuvalu
78%
1 x T Centraal-Afrikaanse Republiek
76%
1 x T Djibouti
76%
1 x T Taiwan
76%
1 x T Vanuatu
76%
1 x T Koeweit
73%
2 x T Oost-Timor
70%
1 x T Antigua en Barbuda
68%
1 x T Eswatini
68%
1 x T Qatar
68%
1 x T Kiribati
65%
1 x T Equatoriaal-Guinea
62%
Geen overeenkomende quizzen gevonden
Scoreverdeling
Procent van Mensen met Elke Score
Percentiel versus Aantal Correcte Antwoorden
Uw Scoregeschiedenis
U heeft deze quiz nog niet genomen